駅名が「市」で終わる駅 - Statistics

General Stats
  • This quiz has been taken 267 times
  • The average score is 46 of 94
Answer Stats
路線 Answer % Correct
関西本線 四日市
81%
日光線 今市
80%
東武東上線/東京メトロ有楽町線/副都心線 和光市
78%
阪急京都線 高槻市
78%
京阪本線/交野線 枚方市
76%
京阪交野線 交野市
75%
東武佐野線 佐野市
74%
五日市線 武蔵五日市
74%
近鉄名古屋線/湯の山線 近鉄四日市
74%
近江鉄道本線/八日市線 八日市
74%
阪急京都線 茨木市
73%
京阪本線 寝屋川市
73%
東武野田線 野田市
72%
参宮線/近鉄山田線 伊勢市
72%
京阪本線/大阪モノレール 門真市
72%
近鉄鈴鹿線 鈴鹿市
70%
紀勢本線/南海本線/和歌山港線 和歌山市
70%
東武鬼怒川線/日光線 下今市
69%
阪和線 堺市
67%
山陽本線 五日市
67%
山陽本線 廿日市
67%
西武新宿線 狭山市
66%
名鉄三河線 豊田市
66%
京阪本線 守口市
66%
東武東上線 川越市
65%
近鉄南大阪線/長野線 古市
65%
福知山線 古市
65%
山陰本線 出雲市
65%
アストラムライン 古市
65%
東武日光線 上今市
63%
西武池袋線 入間市
63%
中央東線 山梨市
63%
富士急行線 都留市
62%
鹿児島本線 二日市
62%
山陽本線/呉線 海田市
61%
常磐線 龍ケ崎市
60%
伊予鉄道高浜線/横河原線/郡中線 松山市
60%
伊賀鉄道伊賀線 上野市
58%
京阪交野線 私市
58%
山陰本線/美祢線 長門市
58%
飯田線 伊那市
57%
東武伊勢崎線 足利市
56%
中央本線 土岐市
55%
阪急京都線 摂津市
55%
富山地鉄本線 上市
54%
紀勢本線 熊野市
53%
南海高野線 大阪狭山市
52%
西武拝島線 東大和市
51%
IRいしかわ鉄道線 野々市
51%
北陸鉄道石川線 野々市
51%
愛知環状鉄道線 瀬戸市
51%
加古川線 西脇市
51%
西鉄天神大牟田線/太宰府線 西鉄二日市
51%
日豊本線 日向市
51%
水島臨海鉄道水島本線 倉敷市
49%
秩父鉄道秩父本線 行田市
48%
近鉄鈴鹿線 三日市
46%
関西本線 南四日市
45%
四日市あすなろう鉄道内部線 あすなろう四日市
45%
山陰本線 大田市
45%
名鉄三河線 刈谷市
42%
予讃線 伊予市
42%
近江鉄道八日市線 新八日市
41%
Osaka Metro 谷町線/今里筋線 太子橋今市
41%
広島電鉄 広電廿日市
41%
長良川鉄道越美南線 美濃市
40%
近鉄南大阪線 高田市
36%
一畑電車北松江線 電鉄出雲市
35%
函館本線 余市
34%
相鉄いずみ野線 緑園都市
34%
南海高野線 林間田園都市
34%
山田線 茂市
33%
ニューシャトル 原市
31%
近鉄吉野線 大和上市
31%
山陰本線 下市
31%
Osaka Metro 今里筋線 新森古市
30%
広島電鉄 広電五日市
30%
八戸線 種市
26%
山陽本線 白市
26%
山田線 花原市
23%
神戸市営地下鉄西神・山手線 学園都市
23%
姫新線 太市
23%
宇野線 備前西市
22%
芸備線 井原市
21%
福塩線 新市
17%
筑肥線 九大学研都市
15%
上信電鉄上信線 上州七日市
14%
飯山線 土市
13%
日豊本線 坂ノ市
13%
富山地鉄不二越・上滝線 布市
12%
芸備線 備後三日市
12%
山陰本線 長門古市
12%
富山地鉄本線 東三日市
11%
日豊本線 五十市
8%
No matching quizzes found
Score Distribution
Percent of People with Each Score
Percentile by Number Answered
Your Score History
You have not taken this quiz